000 00554nam a22001937a 4500
003 OSt
005 20251002055946.0
008 251002b |||||||| |||| 00| 0 eng d
020 _a 0895944014
040 _aDWCL-Main lib
_cOC
082 _aCirc. 641.695 D273s 1990
100 _aDay, Glenn
245 _aSimply shrimp/
_cGlenn Day
260 _aFreedom California:
_bThe Crossing Press,
_cc1990.
300 _a175 pages:
_b illustrations;
_c24cm.
504 _aIncludes index.
650 _a1. Cooking (Shrimp)
942 _2ddc
_cBK-CIRC
_kCirc.
_n0
999 _c4639
_d4639